00822nam a2200169 a 450000100060000000300090000600800410001504000280005608200140008410000280009824501100012626000600023630000090029650502460030565000480055165000530059920955CO-ViMGA141112s2004 ck r 000 u spa d aCO-ViMGAbspacCO-ViMGA04a986 R637C1 aRodriguez Freylle, Juan10aEl Carnero : bConquista y descubrimiento del nuevo reino de granada que comprende hasta el año de 1638 aBogotá : bMinisterio de Educación Nacional, c1955 a460p aLos primeros conquistadores de este reino 13 - - Costumbres, ritos y ceremonias 44 - - Cómo guatativa escondió sus tesoros 78 - - El gobierno del Doctor Don Francisco Guillen 232 - - Los arzobispos y prebendados de la santa iglesia 395 14aBogotá (COLOMBIA) - HISTORIA - HASTA 163814aCOLOMBIA - HISTORIA - DESCUBRIMIENTO Y CONQUISTA